1185 1227 1241 1007 1033 1410 1781 1268 1976 1845 1227 1385 1298 1056 1991 1230 1245 1998 1702 1507 1766 1277 1368 1544 1966 1559 1862 1569 1839 1045 1699 1005 1733 1431 1007 1171 1855 1320 1994 1566 1252 1152 1068 1273 1346 1736 1594 1989 1744 1762 1358 1526 1381 1435 1710 1334 1125 1076 1207 1100 1669 1598 1578 1589 1006 1073 1284 1577 1445 1040 1013 1117 1861 1333 1545 1622 1270 1476 1808 1169 1416 1178 1842 1367 1767 1441 1783 1920 1754 1712 1687 1511 1554 1805 1051 1175 1217 1169 1108 BCNSPRNW ULIB Ver.6.0+V

เปลี่ยนเป็นภาษาไทย

Change to English
 แสดงรายละเอียดบรรณานุกรม
  กลับหน้าหลัก

Brief Record : Get Marc (ISO 2709) : E-mail record : QR code < ปิดหน้าต่าง
LEADER : 00000nam 2200000uu 4500
001    13399127508
003     ULIB
008    200911s2562||||th 000 0 tha d
020 ^- ^a9786160037919
050 ^- ^aนว.^bก371ค
100 0^ ^aกนิษฐา ปานเกตุ.
245 10 ^aคุณพ่อสายลับ =My daddy is sitting bull /^cกรรัมภา.
246 11 ^aMy daddy is sitting bull
250 ^- ^aพิมพ์ครั้งแรก.
260 ^- ^aกรุงเทพฯ :^bพิมพ์คำ,^c2562
300 ^- ^a519 หน้า.
490 1^ ^aชุด Love choices รักลงเอย ;[ลำดับที่ 1]
945    ^p360^l0^i007108
999    ^aประนอม เกษจรัล
รายการนี้ยังไม่มีแท็ก
คุณยังไม่ได้ล็อกอิน คุณสามารถมีกิจกรรมร่วมกับเว็บไซต์ได้ แต่ต้องล็อกอินก่อน ::
  ล็อกอิน

รายการสื่อสารสนเทศ

ลำดับที่ ประเภท เลขเรียก/บาร์โค้ด สถานที่ สถานะ
1. นวนิยาย
นวนิยาย
นว. ก371ค ฉ.1 
  Barcode: 007108
ห้องสมุดวิทยาเขตนครสวรรค์
►นวนิยาย:l:Fiction
บนชั้น

รายการใกล้เคียง
    ผู้แต่ง [กนิษฐา ปานเกตุ.]

BibComment


ยังไม่เคยถูกคอมเมนท์

คอมเมนท์ทรัพยากรรายการนี้
  คอมเมนท์: คุณพ่อสายลับ My ..


 Copyright 2026. Bcnsprnw @Library